[Event "2BLS 2223 SC Ötigheim - Heilbronner SV"]
[Site "?"]
[Date "2023.02.26"]
[Round "8.3"]
[White "Stijve, Theo"]
[Black "Lai, Hing Ting"]
[Result "1-0"]
[WhiteElo "2338"]
[BlackElo "2466"]
[PlyCount "131"]
[EventDate "2023.??.??"]

1. e4 c6 2. d4 d5 3. e5 Bf5 4. g4 Be4 5. f3 Bg6 6. e6 Qd6 7. exf7+ Bxf7 8. Nc3 Nd7 9. f4 e6 10. Nf3 Qc7 11. Bh3 h6 12. O-O Bd6 13. Ne5 Bxe5 14. fxe5 Ne7 15. Qf3 Rf8 16. Qg3 g5 17. a4 O-O-O 18. b3 a6 19. b4 b5 20. axb5 axb5 21. Be3 Kb7 22. Bg2 Ng6 23. Ne2 Nh4 24. Bh1 Bg6 25. Rxf8 Rxf8 26. Bf2 Bxc2 27. Qc3 Bh7 28. Bxh4 gxh4 29. Qe3 Rg8 30. Bf3 h5 31. Qh6 Nf8 32. Qxh5 Qe7 33. Qh6 Nd7 34. Qd2 Nb6 35. h3 Rf8 36. Bg2 Bg6 37. Nc1 Ra8 38. Rxa8 Kxa8 39. Nb3 Na4 40. Na5 Be8 41. Bf1 Kb8 42. Bd3 Kc7 43. Kg2 Qg7 44. Qc1 Qf8 45. Bg6 Bd7 46. Qd2 Nb6 47. g5 Nc4 48. Nxc4 dxc4 49. Be4 c3 50. Qf2 Qe7 51. Qe3 Qxb4 52. g6 Qb2+ 53. Qf2 Qc1 54. Kh2 Qg5 55. Qg2 Qf4+ 56. Kh1 Be8 57. g7 Bf7 58. Bh7 Qg3 59. Qxg3 hxg3 60. Bc2 c5 61. dxc5 Kc6 62. h4 b4 63. h5 Bg8 64. h6 b3 65. Bxb3 Kxc5 66. Bc2 1-0

[Event "2BLS 2223 SC Ötigheim - Heilbronner SV"]
[Site "?"]
[Date "2023.02.26"]
[Round "8.4"]
[White "Laurent-Paoli, Pierre"]
[Black "Fecker, Noah"]
[Result "1-0"]
[WhiteElo "2515"]
[BlackElo "2402"]
[PlyCount "49"]
[EventDate "2023.??.??"]

1. e4 c6 2. d4 d5 3. exd5 cxd5 4. Nf3 Nc6 5. Bb5 e6 6. Bf4 Nf6 7. O-O Bd6 8. Bxd6 Qxd6 9. c3 O-O 10. Re1 Bd7 11. Nbd2 Na5 12. Bd3 Qb6 13. Rb1 Bb5 14. Bc2 Nc4 15. Ne5 Rac8 16. a4 Ba6 17. Ndxc4 Bxc4 18. Re3 g6 19. Rf3 Qd8 20. Qd2 Kg7 21. Re1 Rc7 22. Rh3 Ng8 23. Ree3 a5 24. Reg3 b5 25. b3 1-0

[Event "2BLS 2223 SC Ötigheim - Heilbronner SV"]
[Site "?"]
[Date "2023.02.26"]
[Round "8.5"]
[White "Zuferi, Enis"]
[Black "Cornette, Matthieu"]
[Result "1-0"]
[WhiteElo "2365"]
[BlackElo "2565"]
[PlyCount "93"]
[EventDate "2023.??.??"]

1. d4 Nf6 2. c4 e6 3. Nc3 d5 4. cxd5 exd5 5. Bg5 c6 6. e3 Bd6 7. Bd3 O-O 8. Qc2 h6 9. Bh4 Re8 10. Nge2 a5 11. h3 Na6 12. a3 Nc7 13. O-O Ne6 14. f3 Be7 15. Rad1 Nh5 16. Bf2 Bh4 17. g3 Ng5 18. gxh4 Nxh3+ 19. Kg2 Nxf2 20. Rxf2 Rxe3 21. Qd2 Re8 22. Rh1 Qd6 23. f4 Bg4 24. Ng3 Nxg3 25. Kxg3 h5 26. Re1 Rxe1 27. Qxe1 Qd7 28. f5 Re8 29. Qd2 Qd6+ 30. Kg2 Qf6 31. Qg5 Kf8 32. Qxf6 gxf6 33. Be2 Re3 34. Bxg4 hxg4 35. Rf4 Rd3 36. Rxg4 Rd2+ 37. Kh3 Rxb2 38. h5 Rc2 39. Nd1 Rd2 40. Ne3 Re2 41. Nf1 Re8 42. h6 Ke7 43. Kh4 Rh8 44. Kh5 b5 45. Rg3 Kd6 46. Rg7 Ke7 47. h7 1-0

[Event "2BLS 2223 SC Ötigheim - Heilbronner SV"]
[Site "?"]
[Date "2023.02.26"]
[Round "8.6"]
[White "Georgiev, Kiril"]
[Black "Pogan, Nikolas"]
[Result "1-0"]
[WhiteElo "2548"]
[BlackElo "2202"]
[PlyCount "57"]
[EventDate "2023.??.??"]

1. d4 d5 2. c4 c6 3. Nf3 Nf6 4. Nc3 a6 5. a4 g6 6. Bf4 Bg7 7. e3 O-O 8. a5 h6 9. h3 Be6 10. Qb3 Qc8 11. Bd3 Rd8 12. Na4 Nbd7 13. O-O dxc4 14. Bxc4 Bxc4 15. Qxc4 Re8 16. Rac1 e6 17. Rfd1 Qd8 18. b4 Nd5 19. Bg3 f5 20. Qb3 Qe7 21. Nc5 N7f6 22. Ne5 Kh7 23. Qb1 Rg8 24. Re1 Rae8 25. Kh1 Bf8 26. Bh2 Qg7 27. f3 Bxc5 28. bxc5 Rb8 29. Nxc6 1-0

[Event "2BLS 2223 SC Ötigheim - Heilbronner SV"]
[Site "?"]
[Date "2023.02.26"]
[Round "8.7"]
[White "Degenhard, Simon"]
[Black "Daulyte-Cornette, Deimante"]
[Result "1-0"]
[WhiteElo "2253"]
[BlackElo "2342"]
[PlyCount "85"]
[EventDate "2023.??.??"]

1. e4 e5 2. Nf3 Nc6 3. Bb5 a6 4. Ba4 Nf6 5. O-O d6 6. Bxc6+ bxc6 7. d4 exd4 8. Nxd4 c5 9. Nc6 Qd7 10. Na5 Qa4 11. Qe1 Be7 12. c4 O-O 13. Bd2 Re8 14. b3 Qd7 15. Nc3 c6 16. f3 d5 17. cxd5 cxd5 18. exd5 Nxd5 19. Qe4 Nc7 20. Qc2 Ne6 21. Rac1 Bf6 22. Ne4 Be5 23. Nc4 Bc7 24. Be3 Qe7 25. Qf2 Nd4 26. Rfe1 Be6 27. Nxc5 Qxc5 28. Bxd4 Qh5 29. f4 Rac8 30. h3 f6 31. Ne3 Ba5 32. Rf1 Qf7 33. f5 Bd7 34. Nc4 Bc7 35. Rfd1 Rcd8 36. Bb6 Bxb6 37. Qxb6 Rb8 38. Qxa6 Bc8 39. Qa5 Bb7 40. Nd6 Qe7 41. Nxb7 Qxb7 42. Rc7 Qe4 43. Qd5+ 1-0

[Event "2BLS 2223 SC Ötigheim - Heilbronner SV"]
[Site "?"]
[Date "2023.02.26"]
[Round "8.8"]
[White "Kuehn, Kolja"]
[Black "Huber, Philipp"]
[Result "1-0"]
[WhiteElo "2112"]
[BlackElo "2250"]
[PlyCount "135"]
[EventDate "2023.??.??"]

1. e4 d6 2. d4 Nf6 3. Nc3 Nbd7 4. Nf3 e5 5. Bc4 Be7 6. O-O O-O 7. h3 c6 8. a4 a5 9. Re1 Nb6 10. Bf1 Nfd7 11. b3 exd4 12. Nxd4 Ne5 13. Bb2 Bf6 14. g3 Re8 15. Bg2 h5 16. Nf3 h4 17. Nxe5 dxe5 18. Qf3 Nd7 19. Rad1 Be7 20. Nb1 Bc5 21. Kh2 Re6 22. Rf1 Qe7 23. Bc1 Rg6 24. Be3 Bd6 25. Qe2 Nf8 26. Nd2 Bc7 27. Nf3 hxg3+ 28. fxg3 Ra6 29. Nh4 c5 30. Rd5 Rgc6 31. Nf5 Bxf5 32. exf5 e4 33. Bf4 Nh7 34. Bxc7 Qxc7 35. Bxe4 Nf6 36. Rd2 Rd6 37. Rfd1 Rxd2 38. Rxd2 Ra8 39. Bg2 Re8 40. Qf3 Qe5 41. Qd1 Qxf5 42. Bxb7 Re3 43. Re2 Rxe2+ 44. Qxe2 Qd7 45. Bf3 Qd4 46. Kg2 g6 47. Qd3 Qb2 48. Kf2 Kg7 49. Qd2 Kh7 50. Kg2 Kg7 51. Kh2 Nh7 52. Bg2 Nf8 53. Bd5 Qe5 54. Bc4 Qc7 55. Qc3+ Kg8 56. Qf6 Qd7 57. Kg2 Qb7+ 58. Kf2 Qd7 59. Ke2 Qe8+ 60. Kd2 Ne6 61. Bxe6 fxe6 62. g4 Kh7 63. g5 e5 64. Qd6 e4 65. Qc7+ Kg8 66. Qxc5 Qd7+ 67. Ke3 Qxh3+ 68. Kxe4 1-0

[Event "2BLS 2223 OSG Baden-Baden II - SF Bad M"]
[Site "?"]
[Date "2023.02.26"]
[Round "8.1"]
[White "Rakotomaharo, Fy Antenaina"]
[Black "Gozzoli, Yannick"]
[Result "1/2-1/2"]
[WhiteElo "2451"]
[BlackElo "2585"]
[PlyCount "71"]
[EventDate "2023.??.??"]

1. e4 e5 2. Nf3 Nc6 3. Bb5 a6 4. Ba4 d6 5. c3 Bd7 6. O-O g6 7. d4 Bg7 8. Re1 Nf6 9. h3 O-O 10. Nbd2 Re8 11. Bc2 a5 12. a4 exd4 13. cxd4 Nb4 14. Bb1 Bc6 15. Ra3 b5 16. axb5 Bxb5 17. Nf1 Bxf1 18. Kxf1 Nd7 19. Bf4 d5 20. e5 c5 21. Ng5 Nf8 22. dxc5 Ne6 23. Nxe6 Rxe6 24. Bg3 Rc6 25. h4 Qe7 26. h5 Qe6 27. hxg6 fxg6 28. Qd4 Rf8 29. Rc1 Rc7 30. Kg1 Rd8 31. Rac3 Rc6 32. Kh2 Rd7 33. Bf4 Rf7 34. Bg3 Rfc7 35. Bf4 Rf7 36. Bg3 1/2-1/2

[Event "2BLS 2223 OSG Baden-Baden II - SF Bad M"]
[Site "?"]
[Date "2023.02.26"]
[Round "8.2"]
[White "Dann, Matthias"]
[Black "Ikonnikov, Vyacheslav"]
[Result "1/2-1/2"]
[WhiteElo "2459"]
[BlackElo "2485"]
[PlyCount "47"]
[EventDate "2023.??.??"]

1. e4 c5 2. Nf3 Nc6 3. d4 cxd4 4. Nxd4 e5 5. Nb5 d6 6. c4 Be7 7. N1c3 a6 8. Na3 Be6 9. Nc2 Bg5 10. Be2 Nh6 11. O-O O-O 12. b3 Bxc1 13. Rxc1 f5 14. exf5 Nxf5 15. Bg4 Qd7 16. Qd3 Rad8 17. Rcd1 h6 18. Rd2 Kh8 19. Qh3 Qe7 20. Rfd1 Nfd4 21. Nxd4 Nxd4 22. Bxe6 Nxe6 23. Qe3 Qc7 24. Nd5 1/2-1/2

[Event "2BLS 2223 OSG Baden-Baden II - SF Bad M"]
[Site "?"]
[Date "2023.02.26"]
[Round "8.4"]
[White "Halkias, Stelios"]
[Black "Vlasak, Lukas"]
[Result "1/2-1/2"]
[WhiteElo "2516"]
[BlackElo "2458"]
[PlyCount "35"]
[EventDate "2023.??.??"]

1. c4 e6 2. Nf3 d5 3. e3 Nf6 4. Nc3 c6 5. b3 Bd6 6. Bb2 O-O 7. d4 Nbd7 8. Be2 Qe7 9. Qc2 b6 10. O-O Bb7 11. Rad1 Rad8 12. Rfe1 Rfe8 13. Bf1 e5 14. dxe5 Nxe5 15. Nd4 dxc4 16. Nf5 Qe6 17. bxc4 Bf8 18. Nd4 1/2-1/2

[Event "2BLS 2223 OSG Baden-Baden II - SF Bad M"]
[Site "?"]
[Date "2023.02.26"]
[Round "8.5"]
[White "Msellek, Ilyass"]
[Black "Schmider, Niklas"]
[Result "1-0"]
[WhiteElo "2406"]
[BlackElo "2395"]
[PlyCount "57"]
[EventDate "2023.??.??"]

1. e4 e5 2. Nf3 Nc6 3. Bb5 a6 4. Ba4 Nf6 5. O-O Bc5 6. c3 b5 7. Bb3 d6 8. d4 Bb6 9. a4 Bb7 10. Re1 O-O 11. Bg5 h6 12. Bh4 exd4 13. cxd4 g5 14. Nxg5 hxg5 15. Bxg5 Nxd4 16. Bd5 Ne6 17. Bh4 Bxd5 18. exd5 Ng7 19. Qf3 Re8 20. Nd2 Rxe1+ 21. Rxe1 Bd4 22. Ne4 Nge8 23. h3 bxa4 24. Qg3+ Kf8 25. Bg5 Nxe4 26. Rxe4 Bf6 27. Qh4 Kg8 28. Rxe8+ Qxe8 29. Bxf6 1-0

[Event "2BLS 2223 OSG Baden-Baden II - SF Bad M"]
[Site "?"]
[Date "2023.02.26"]
[Round "8.6"]
[White "Breder, Dennis"]
[Black "Pfleger, Michael"]
[Result "1-0"]
[WhiteElo "2413"]
[BlackElo "2161"]
[PlyCount "101"]
[EventDate "2023.??.??"]

1. e4 g6 2. d4 Bg7 3. Nf3 c5 4. dxc5 Na6 5. Bxa6 bxa6 6. Nc3 Bb7 7. O-O Rc8 8. Re1 Qc7 9. Be3 Bxc3 10. bxc3 Nf6 11. Bd4 O-O 12. Qd2 Ne8 13. Be5 Qc6 14. Rad1 f6 15. Bg3 e5 16. Qxd7 Qxd7 17. Rxd7 Rf7 18. Rxf7 Kxf7 19. Nd2 Rxc5 20. Rb1 Nd6 21. f3 Rxc3 22. Rb2 Bc6 23. Nb1 Rc4 24. Bf2 Ba4 25. Bxa7 Nb5 26. Be3 Bxc2 27. Nd2 Rc6 28. Rb4 Nc3 29. a3 Bd3 30. Rb7+ Ke8 31. Rb8+ Kd7 32. Rb7+ Kc8 33. Rxh7 Nd1 34. Bh6 g5 35. h4 gxh4 36. Rh8+ Kd7 37. Rh7+ Ke8 38. Nb3 Rc3 39. Na5 Bb5 40. Nb7 Rxa3 41. Nd6+ Kd8 42. Bg7 Kd7 43. Nxb5 Ra1 44. Na7 Ne3+ 45. Kf2 Nd1+ 46. Ke2 Nc3+ 47. Kd3 Na4 48. Bxf6+ Ke6 49. Bxh4 Rh1 50. Nc8 Rd1+ 51. Kc2 1-0

[Event "2BLS 2223 OSG Baden-Baden II - SF Bad M"]
[Site "?"]
[Date "2023.02.26"]
[Round "8.7"]
[White "Raps, Johannes"]
[Black "Riff, Jean-Noel"]
[Result "1/2-1/2"]
[WhiteElo "2100"]
[BlackElo "2413"]
[PlyCount "67"]
[EventDate "2023.??.??"]

1. d4 Nf6 2. Nf3 e6 3. e3 c5 4. c3 Nc6 5. Be2 Be7 6. O-O O-O 7. b3 b6 8. Bb2 Bb7 9. Nbd2 d5 10. Rc1 Qc7 11. Qc2 Rad8 12. Bd3 e5 13. dxe5 Nxe5 14. Nxe5 Qxe5 15. Rfe1 c4 16. Bf5 g6 17. Bh3 Ne4 18. Nf3 Qh5 19. Qe2 Rfe8 20. Rc2 Nc5 21. bxc4 dxc4 22. Nd4 Qd5 23. Ba3 Nd3 24. Bxe7 Nxe1 25. Bxd8 Nxc2 26. Bf6 Nxd4 27. Bxd4 Qe4 28. f3 Qd3 29. Qe1 Rd8 30. Qh4 Qd1+ 31. Kf2 Qd2+ 32. Kf1 Qd1+ 33. Kf2 Qd2+ 34. Kf1 1/2-1/2

[Event "2BLS 2223 OSG Baden-Baden II - SF Bad M"]
[Site "?"]
[Date "2023.02.26"]
[Round "8.8"]
[White "Schmaltz, Roland"]
[Black "Kluss, Kai"]
[Result "1-0"]
[WhiteElo "2448"]
[BlackElo "2123"]
[PlyCount "113"]
[EventDate "2023.??.??"]

1. e4 c5 2. Nf3 Nc6 3. d4 cxd4 4. Nxd4 Nf6 5. Nc3 d6 6. Bg5 Qa5 7. Bxf6 gxf6 8. Bb5 Bd7 9. Nb3 Qc7 10. Qh5 Rg8 11. O-O e6 12. f4 h6 13. Kh1 Be7 14. Rae1 Rg6 15. a3 O-O-O 16. Bd3 Rg7 17. Qxh6 Rdg8 18. Re2 Qd8 19. Qh5 Rh8 20. Qf3 Rgh7 21. g3 Rh3 22. Rg2 a6 23. Qf2 Kb8 24. Nd2 Qc7 25. Rd1 Na7 26. Nf3 Qa5 27. Qe2 Qb6 28. Rb1 Qc5 29. Nd1 R3h6 30. b4 Qb6 31. c4 Ka8 32. Nc3 Nc8 33. a4 Qc7 34. a5 f5 35. exf5 d5 36. c5 Bf6 37. Qc2 d4 38. Ne4 Bc6 39. fxe6 fxe6 40. b5 axb5 41. Bxb5 Bd5 42. a6 bxa6 43. Bxa6 Na7 44. c6 Bxc6 45. Bb7+ Qxb7 46. Rxb7 Bxb7 47. Qd3 Rc8 48. h4 Bg7 49. Kh2 Rhh8 50. Ra2 Rc7 51. Nxd4 Bd5 52. Nb5 Re7 53. Rxa7+ Rxa7 54. Nxa7 Kxa7 55. Qa3+ Kb6 56. Qb4+ Kc6 57. Qc5+ 1-0

[Event "2BLS 2223 SC Ötigheim - SG Speyer-Schwe"]
[Site "?"]
[Date "2023.03.18"]
[Round "9.1"]
[White "Abasov, Nijat"]
[Black "Lagarde, Maxime"]
[Result "1/2-1/2"]
[WhiteElo "2625"]
[BlackElo "2581"]
[PlyCount "87"]
[EventDate "2023.??.??"]

1. e4 c5 2. Nf3 d6 3. d4 cxd4 4. Nxd4 Nf6 5. Nc3 g6 6. f3 Bg7 7. Be3 Nc6 8. Qd2 O-O 9. O-O-O d5 10. exd5 Nxd5 11. Nxc6 bxc6 12. Bd4 e5 13. Bc5 Be6 14. Ne4 Re8 15. h4 h5 16. Bc4 a5 17. Kb1 a4 18. Ng5 Rb8 19. Nxe6 Rxe6 20. Bxd5 cxd5 21. Qxd5 Qc8 22. Rhe1 Rc6 23. Bd6 Rxd6 24. Qxd6 e4 25. b3 Qc3 26. Qxb8+ Kh7 27. Kc1 e3 28. Rxe3 Qxe3+ 29. Kb1 Qc3 30. Kc1 a3 31. f4 Qb2+ 32. Kd2 Qxa2 33. Qa7 Qb2 34. Qxf7 Qd4+ 35. Ke2 Qe4+ 36. Kf1 Qxc2 37. Rd7 Qc1+ 38. Ke2 Qb2+ 39. Rd2 Qxd2+ 40. Kxd2 a2 41. f5 a1=Q 42. Qxg6+ Kg8 43. Qe8+ Bf8 44. Qg6+ 1/2-1/2

[Event "2BLS 2223 SC Ötigheim - SG Speyer-Schwe"]
[Site "?"]
[Date "2023.03.18"]
[Round "9.2"]
[White "Van den Doel, Erik"]
[Black "Kantans, Toms"]
[Result "1/2-1/2"]
[WhiteElo "2585"]
[BlackElo "2490"]
[PlyCount "87"]
[EventDate "2023.??.??"]

1. e4 c5 2. Nf3 d6 3. c3 Nf6 4. h3 Nc6 5. Bd3 g6 6. Bc2 Bg7 7. O-O O-O 8. d3 b5 9. a3 e5 10. Be3 Bb7 11. Re1 Re8 12. Nbd2 Rc8 13. Qb1 a6 14. b4 cxb4 15. axb4 d5 16. Nb3 dxe4 17. dxe4 Nd7 18. Rd1 Qc7 19. Ne1 Nd8 20. Na5 Ba8 21. Nb3 Bb7 22. Na5 Ba8 23. Nb3 Re6 24. Nd3 Bxe4 25. Ndc5 Nxc5 26. Nxc5 Bxc2 27. Qxc2 Rd6 28. Rxd6 Qxd6 29. Rxa6 Qd5 30. Qe2 e4 31. Qxb5 Ne6 32. Qa4 Nxc5 33. bxc5 Bxc3 34. Rd6 Qb7 35. Qd1 h5 36. Rb6 Qa8 37. c6 Rxc6 38. Rxc6 Qxc6 39. Qc2 Qf6 40. Qxe4 Qe5 41. Qc4 Bb2 42. g4 hxg4 43. hxg4 Qe6 44. Qxe6 1/2-1/2

[Event "2BLS 2223 SC Ötigheim - SG Speyer-Schwe"]
[Site "?"]
[Date "2023.03.18"]
[Round "9.3"]
[White "Kovacs, Gabor"]
[Black "Lai, Hing Ting"]
[Result "1/2-1/2"]
[WhiteElo "2402"]
[BlackElo "2470"]
[PlyCount "102"]
[EventDate "2023.??.??"]

1. d4 Nf6 2. c4 e6 3. Nc3 Bb4 4. e3 b6 5. Bd2 Bb7 6. Nf3 O-O 7. Bd3 c5 8. a3 Bxc3 9. Bxc3 Ne4 10. Bxe4 Bxe4 11. dxc5 bxc5 12. Qd6 Nc6 13. Qxc5 d6 14. Qg5 f6 15. Qf4 Bd3 16. Qg4 Qd7 17. Rd1 Bf5 18. Qh4 e5 19. O-O Qe6 20. Rfe1 Rfd8 21. h3 g5 22. Qh6 Rd7 23. e4 Bg6 24. h4 gxh4 25. Nxh4 Ne7 26. f4 Qg4 27. fxe5 fxe5 28. Nxg6 Nxg6 29. Qh3 Qxh3 30. gxh3 Rc8 31. b3 Rb7 32. Rb1 Nf4 33. Kh2 Kf7 34. Red1 Ke6 35. Bb4 Rc6 36. Rd5 Rcb6 37. Rd2 a5 38. Bxa5 Rxb3 39. Rxb3 Rxb3 40. h4 Nd3 41. Bb4 Nxb4 42. axb4 Rxb4 43. Rc2 Kd7 44. Kg3 Kc6 45. Kg4 Rb1 46. Kf5 Rh1 47. c5 dxc5 48. Kxe5 Rxh4 49. Kf5 Rh1 50. e5 Rf1+ 51. Ke6 Ra1 1/2-1/2

[Event "2BLS 2223 SC Ötigheim - SG Speyer-Schwe"]
[Site "?"]
[Date "2023.03.18"]
[Round "9.4"]
[White "Laurent-Paoli, Pierre"]
[Black "Boguslawski, Oleg"]
[Result "1-0"]
[WhiteElo "2525"]
[BlackElo "2384"]
[PlyCount "101"]
[EventDate "2023.??.??"]

1. d4 d5 2. c4 c6 3. Nf3 Nf6 4. Nc3 dxc4 5. a4 Bf5 6. Nh4 e6 7. Nxf5 exf5 8. e3 Bd6 9. Bxc4 O-O 10. Qf3 g6 11. h3 Qe7 12. g4 c5 13. dxc5 Bxc5 14. gxf5 Nc6 15. fxg6 hxg6 16. Qg2 Kg7 17. O-O Rh8 18. b3 Ne5 19. Bb2 Kg8 20. Nd5 Nxd5 21. Bxd5 Rh5 22. Kh1 Kh7 23. Rad1 Rd8 24. Bxe5 Rxe5 25. e4 Rg5 26. Qf3 Rh8 27. Rg1 Rxg1+ 28. Rxg1 Kg7 29. Qc3+ f6 30. Qg3 g5 31. e5 Qxe5 32. Qxe5 fxe5 33. Rxg5+ Kf6 34. Rg3 b6 35. Kg2 Rh4 36. Rg8 Rf4 37. f3 Rd4 38. Be4 Rd1 39. Rg6+ Kf7 40. Rc6 a5 41. h4 Rd6 42. Rc7+ Kf6 43. Kh3 Rd1 44. Kg4 Rg1+ 45. Kh5 Be3 46. Bd5 Rg7 47. Rc6+ Kf5 48. Be4+ Kf4 49. Kh6 Rg8 50. Kh7 Rb8 51. Rg6 1-0

[Event "2BLS 2223 SC Ötigheim - SG Speyer-Schwe"]
[Site "?"]
[Date "2023.03.18"]
[Round "9.5"]
[White "Bodrozic, Tomislav"]
[Black "Grigoriants, Sergey"]
[Result "1/2-1/2"]
[WhiteElo "2347"]
[BlackElo "2572"]
[PlyCount "30"]
[EventDate "2023.??.??"]

1. e4 c5 2. Nf3 d6 3. Bb5+ Nd7 4. d4 cxd4 5. Qxd4 a6 6. Bxd7+ Bxd7 7. c4 Nf6 8. Bg5 e6 9. Nc3 Bc6 10. O-O Be7 11. Qd3 O-O 12. Nd4 Rc8 13. Kh1 b6 14. f4 Bb7 15. f5 Qd7 1/2-1/2

[Event "2BLS 2223 SC Ötigheim - SG Speyer-Schwe"]
[Site "?"]
[Date "2023.03.18"]
[Round "9.6"]
[White "Cornette, Matthieu"]
[Black "Decuigniere, Tom"]
[Result "1/2-1/2"]
[WhiteElo "2563"]
[BlackElo "2366"]
[PlyCount "89"]
[EventDate "2023.??.??"]

1. e4 c6 2. d4 d5 3. e5 Bf5 4. h4 h5 5. c4 e6 6. Nc3 Nd7 7. cxd5 cxd5 8. Bd3 Bxd3 9. Qxd3 Ne7 10. Nf3 Nb8 11. Bg5 Qd7 12. O-O Nf5 13. Nd1 Be7 14. Ne3 Bxg5 15. Nxg5 Nxh4 16. g3 f6 17. Nh3 Nf3+ 18. Kg2 Nxd4 19. Qxd4 Nc6 20. Qd2 Nxe5 21. f4 Nc4 22. Nxc4 dxc4 23. Qxd7+ Kxd7 24. Rad1+ Ke7 25. Rd4 Rac8 26. Rfd1 Rhd8 27. Rxd8 Rxd8 28. Rxd8 Kxd8 29. Kf3 Ke7 30. Ke4 Kd6 31. Kd4 b5 32. Ng1 e5+ 33. fxe5+ fxe5+ 34. Ke4 b4 35. Nf3 c3 36. Nxe5 cxb2 37. Nc4+ Kc6 38. Nxb2 g5 39. Nd3 a5 40. Nf2 a4 41. Kd4 b3 42. axb3 axb3 43. Kc3 Kd5 44. Nh3 Ke4 45. Nxg5+ 1/2-1/2

[Event "2BLS 2223 SC Ötigheim - SG Speyer-Schwe"]
[Site "?"]
[Date "2023.03.18"]
[Round "9.7"]
[White "Philippe, Christophe"]
[Black "Georgiev, Kiril"]
[Result "0-1"]
[WhiteElo "2342"]
[BlackElo "2542"]
[PlyCount "72"]
[EventDate "2023.??.??"]

1. d4 Nf6 2. Nf3 d5 3. e3 c5 4. c3 e6 5. Bd3 Nc6 6. Ne5 g6 7. f4 Bg7 8. O-O O-O 9. Nd2 Qc7 10. Qe1 b6 11. Qh4 a5 12. Bb5 Ne7 13. g4 a4 14. Rf3 Ba6 15. Bxa6 Rxa6 16. Rh3 h6 17. a3 Ne4 18. Nf1 f6 19. Nd3 f5 20. g5 h5 21. Ng3 Kf7 22. Ne2 Nc6 23. Nf2 Na5 24. Nxe4 dxe4 25. Qe1 Raa8 26. Qd1 Qc6 27. Bd2 Nc4 28. Rb1 Rfd8 29. Qc1 Qb5 30. Kf2 Qb3 31. Rg3 Ra5 32. Rg1 Rb5 33. Kg2 cxd4 34. cxd4 Bxd4 35. Nc3 Bg7 36. Rd1 Bxc3 0-1

[Event "2BLS 2223 SC Ötigheim - SG Speyer-Schwe"]
[Site "?"]
[Date "2023.03.18"]
[Round "9.8"]
[White "Kuehn, Kolja"]
[Black "Commercon, Simon"]
[Result "0-1"]
[WhiteElo "2136"]
[BlackElo "2185"]
[PlyCount "56"]
[EventDate "2023.??.??"]

1. e4 e6 2. d4 d5 3. e5 c5 4. c3 Nc6 5. Nf3 Nh6 6. dxc5 Bxc5 7. b4 Bb6 8. Bb5 O-O 9. O-O f6 10. exf6 Qxf6 11. Bg5 Qg6 12. Bd3 Qh5 13. Be3 Ng4 14. Re1 Rxf3 15. Qxf3 Qxh2+ 16. Kf1 Nce5 17. Qh3 Qxh3 18. gxh3 Nxe3+ 19. fxe3 Nxd3 20. Re2 e5 21. Kg2 Bf5 22. Nd2 Rc8 23. Rf1 Bg6 24. Nb1 Bd8 25. a4 Bh4 26. a5 a6 27. Rd2 Ne1+ 28. Kh2 Bxb1 0-1

[Event "2BLS 2223 OSG Baden-Baden II - SV 1947 W"]
[Site "?"]
[Date "2023.03.18"]
[Round "9.1"]
[White "Gschnitzer, Adrian"]
[Black "Gozzoli, Yannick"]
[Result "1/2-1/2"]
[WhiteElo "2420"]
[BlackElo "2584"]
[PlyCount "27"]
[EventDate "2023.??.??"]

1. e4 e5 2. Nf3 Nc6 3. Bc4 Nf6 4. d3 Be7 5. O-O O-O 6. Re1 d6 7. a4 a5 8. c3 Be6 9. Bxe6 fxe6 10. Na3 Nd7 11. Nc4 Qe8 12. d4 exd4 13. cxd4 d5 14. exd5 1/2-1/2

[Event "2BLS 2223 OSG Baden-Baden II - SV 1947 W"]
[Site "?"]
[Date "2023.03.18"]
[Round "9.2"]
[White "Martin, Julian"]
[Black "Muckle, Julius"]
[Result "1-0"]
[WhiteElo "2396"]
[BlackElo "2405"]
[PlyCount "121"]
[EventDate "2023.??.??"]

1. e4 e6 2. d4 d5 3. Nd2 Nf6 4. e5 Nfd7 5. Bd3 c5 6. c3 Nc6 7. Ne2 cxd4 8. cxd4 f6 9. exf6 Nxf6 10. Nf3 Bd6 11. O-O O-O 12. Bf4 Bxf4 13. Nxf4 Ne4 14. Qc1 Ng5 15. Nxg5 Qxg5 16. Bxh7+ Kxh7 17. Nxe6 Qf5 18. Nxf8+ Qxf8 19. Qg5 Qf5 20. Qh4+ Kg8 21. Rae1 Bd7 22. Re3 Qg4 23. Qxg4 Bxg4 24. f3 Bd7 25. Rd1 Kf7 26. h4 Rh8 27. g3 Kf6 28. a3 Na5 29. Re5 Nc4 30. Re2 Nd6 31. Kf2 Nf5 32. g4 Nxh4 33. Re5 Ng6 34. Rxd5 Ke6 35. Rg5 Kf6 36. Rd5 Ke6 37. Rf5 Rh2+ 38. Kg3 Rxb2 39. Re1+ Kd6 40. Rg5 Nf8 41. Rxg7 Ne6 42. Rg6 Rb3 43. g5 Rd3 44. Rf6 Ke7 45. Re5 Rxd4 46. f4 Rd3+ 47. Kg4 Rd4 48. Re3 Kd6 49. g6 Ke7 50. Rf7+ Kd6 51. Kg3 Rd1 52. Kf2 Rd2+ 53. Ke1 Rg2 54. Rd3+ Kc6 55. Rdxd7 Nxf4 56. g7 Nh5 57. Rc7+ Kd6 58. Rxb7 a5 59. Ra7 Ke6 60. Rfb7 Kf6 61. Rb6+ 1-0

[Event "2BLS 2223 OSG Baden-Baden II - SV 1947 W"]
[Site "?"]
[Date "2023.03.18"]
[Round "9.3"]
[White "Faerber, David"]
[Black "Halkias, Stelios"]
[Result "1/2-1/2"]
[WhiteElo "2368"]
[BlackElo "2514"]
[PlyCount "73"]
[EventDate "2023.??.??"]

1. e4 c5 2. c3 d6 3. d4 Nf6 4. dxc5 Nc6 5. Qd3 Ne5 6. Qd4 Nc6 7. Qd3 Ne5 8. Qb5+ Bd7 9. Qxb7 Rb8 10. Qxa7 Nxe4 11. cxd6 Ng4 12. f3 Nef2 13. fxg4 Nxh1 14. Qc7 e5 15. g3 Qxc7 16. dxc7 Rc8 17. Be3 h5 18. g5 h4 19. g4 h3 20. Bxh3 Bd6 21. Nd2 Bxc7 22. Kf1 Rd8 23. Re1 Bc6 24. Bg2 Bb5+ 25. c4 Rxd2 26. cxb5 Rxb2 27. Bxh1 Rhxh2 28. Bd5 e4 29. Bc5 Bg3 30. Rxe4+ Kd8 31. Bb6+ Kc8 32. Re8+ Kd7 33. Bc6+ Kd6 34. Rd8+ Ke6 35. Re8+ Kd6 36. Nf3 Rh1+ 37. Ng1 1/2-1/2

[Event "2BLS 2223 OSG Baden-Baden II - SV 1947 W"]
[Site "?"]
[Date "2023.03.18"]
[Round "9.4"]
[White "Schmider, Niklas"]
[Black "Vonthron, Horst"]
[Result "1-0"]
[WhiteElo "2397"]
[BlackElo "2363"]
[PlyCount "131"]
[EventDate "2023.??.??"]

1. d4 Nf6 2. c4 e6 3. g3 c5 4. d5 d6 5. Nc3 exd5 6. cxd5 g6 7. Bg2 Bg7 8. Nf3 O-O 9. O-O Qe7 10. Re1 Nbd7 11. e4 Nh5 12. Bg5 Bf6 13. Bh6 Re8 14. g4 Bg7 15. Be3 Nhf6 16. h3 h5 17. g5 Nh7 18. Qd2 a6 19. a4 Rb8 20. a5 b5 21. axb6 Rxb6 22. Ra4 f6 23. h4 fxg5 24. hxg5 Nhf8 25. Nh2 Rb4 26. Rxb4 cxb4 27. Na4 Ne5 28. b3 Ng4 29. Nxg4 hxg4 30. Qxb4 Nd7 31. Nb6 Ne5 32. Rc1 Bb7 33. Qa4 Rf8 34. Rc2 Rf7 35. Qb4 Bf8 36. Nc4 Nf3+ 37. Bxf3 gxf3 38. Nd2 Qd7 39. Kf1 Qg4 40. Ke1 Bxd5 41. Qa4 Qg1+ 42. Nf1 Be6 43. Qxa6 Bxb3 44. Rc1 Be6 45. e5 Qg4 46. exd6 Qb4+ 47. Nd2 Bd7 48. Qd3 Qxd6 49. Qxd6 Bxd6 50. Ne4 Bb4+ 51. Kf1 Bb5+ 52. Kg1 Rb7 53. Rc8+ Kf7 54. Bc5 Bxc5 55. Rxc5 Ke7 56. Re5+ Kd7 57. Kh2 Bc6 58. Kg3 Bxe4 59. Rxe4 Rb5 60. Kg4 Rb3 61. Kf4 Kd6 62. Re8 Ra3 63. Rg8 Ke7 64. Rxg6 Kf7 65. Rf6+ Kg7 66. Kg4 1-0

[Event "2BLS 2223 OSG Baden-Baden II - SV 1947 W"]
[Site "?"]
[Date "2023.03.18"]
[Round "9.6"]
[White "Riff, Jean-Noel"]
[Black "Tompa, Janos"]
[Result "1-0"]
[WhiteElo "2410"]
[BlackElo "2309"]
[PlyCount "57"]
[EventDate "2023.??.??"]

1. e4 c5 2. Nf3 e6 3. Nc3 d6 4. d4 cxd4 5. Nxd4 Nf6 6. g4 h6 7. h3 Nc6 8. Be3 Bd7 9. Qd2 Nxd4 10. Qxd4 Bc6 11. O-O-O Qa5 12. Bg2 e5 13. Qd2 b5 14. Kb1 b4 15. Nd5 Bxd5 16. exd5 Be7 17. f4 Nd7 18. h4 h5 19. g5 f5 20. gxf6 Bxf6 21. Bh3 Nc5 22. Qg2 Kd8 23. fxe5 Bxe5 24. Bd4 Re8 25. Bxe5 Rxe5 26. Rhf1 Kc7 27. Qxg7+ Kb6 28. Rf6 Ne4 29. Rxd6+ 1-0